Normal view
MARC view
- Som,N.N.
Entry Personal Name
001 - CONTROL NUMBER
- control field: 555
003 - CONTROL NUMBER IDENTIFIER
- control field: NUST
005 - DATE AND TIME OF LATEST TRANSACTION
- control field: 20170511165216.0
008 - FIXED-LENGTH DATA ELEMENTS
- fixed length control field: 170511|| aca||aabn | a|a d
040 ## - CATALOGING SOURCE
- Original cataloging agency: NUST
- Transcribing agency: NUST
100 ## - HEADING--PERSONAL NAME
- Personal name: Som,N.N.
670 ## - SOURCE DATA FOUND
- Source citation: Work cat.: (NUST)1141: Som,N.N., Theory and Practice of Foundation Design /, Prentice Hall of India
